000
00296pam a2200133 a 4500
020
_c
041
_h
082
_a
750
_b
GUP
245
_a
Places in Art
_b
Places in Art
_h
Textual Documents
250
_a
1998.
260
_a
[s.l]:
_b
National Gallary MQ
300
_a
144:
_b
paper.
930
_a
3102
999
_c
236892
_d
236892